अपने समय का सच: (Record no. 203026)

MARC details
000 -LEADER
fixed length control field 00943nam a22001937a 4500
005 - DATE AND TIME OF LATEST TRANSACTION
control field 20240520145613.0
010 ## - LCCN (DPL NO)
LC control number HIN-127636
020 ## - INTERNATIONAL STANDARD BOOK NUMBER
International Standard Book Number 9789355369321
Terms of availability 399.00
035 ## - SYSTEM CONTROL NUMBER
System control number HN-99982
037 ## - SOURCE OF ACQUISITION
Source of stock number/acquisition DBAD
082 ## - DEWEY DECIMAL CLASSIFICATION NUMBER
Classification number 808.88
100 ## - MAIN ENTRY--PERSONAL NAME
Personal name शर्मा, हरिशंकर
245 ## - TITLE STATEMENT
Title अपने समय का सच:
Remainder of title पं राधेश्याम कथावाचक की डायरी/
Statement of responsibility, etc हरिशंकर शर्मा
260 ## - PUBLICATION, DISTRIBUTION, ETC. (IMPRINT)
Place of publication, distribution, etc जयपुर
Name of publisher, distributor, etc बोधि प्रकाशन
Date of publication, distribution, etc 2024
270 ## - ADDRESS
Address सी- 46, सुदर्शनपुर इंडस्ट्रियल एरिया एक्सटेंशन, नाला रोड, 22 गोदाम,
City जयपुर
Postal code 302006
300 ## - PHYSICAL DESCRIPTION
Extent 312 प्.
Dimensions 21 से.मी. (अजिल्द).
700 ## - ADDED ENTRY--PERSONAL NAME
Personal name शर्मा, हरिशंकर
9 (RLIN) 66297
942 ## - ADDED ENTRY ELEMENTS (KOHA)
Source of classification or shelving scheme Dewey Decimal Classification
Item type Hindi Books
Classification part 808.88
Call number suffix शर्माह
Holdings
Withdrawn status Lost status Not for loan Collection code Home library Current library Date acquired Source of acquisition Cost, normal purchase price Full call number Barcode Copy number Cost, replacement price Koha item type
      Non-fiction Ashok Vihar Ashok Vihar 20/05/2024 DBAD 399.00 808.88 शर्माह HN-99982 1 399.00 Hindi Books

© Delhi Public Library
Hit Counter
free hit counter